000 00939nam a2200253Ia 4500
003 OSt
005 20220918112048.0
006 a|||||r|||| 00| 0
007 ta
008 220915b |||||||| |||| 00| 0 hin d
024 _a217210
037 _cTextbook
040 _bhin
_aARTS
_cARTS
041 _ahin
082 _aO152jM93, K9
100 _aचतुर्वेदी, बनारसीदास, संपा.
245 0 _aसमन्वयी साधक: हरिभाऊ उपाध्याय अभिनंदन ग्रंथ
246 _aMerī apanī kathā
260 _aजयपुर
_bराजस्थान संस्कृत संसद
_c1969
300 _a761पृ0
_ccm.
650 _aहिन्दी साहित्य
942 _hO152jM93, K9
_cTB
_2CC
999 _c118155
_d118155